000 01622nam a22002297a 4500
040 _cNSHS
082 _a297.382
_bMUH
100 0 _aAmīn, Muḥammad
_9129666
245 1 _aĀb-i kaus̲ar /
_cMuḥammad Amīn
246 _aAb-i Kausar
246 _aAab-yi Kausar
246 _aAb-i Kusar
260 _aFaiṣalābād:
_bIdārah-yi Tablīgh al-Islām ;
_c[n.d.]
300 _a320 pages.
500 _aReligion
520 _aĀb-i-Kausar" by Mufti Muhammad Amin (Faisalabad) is a spiritually enriching Urdu work focusing on the virtues and blessings of sending Salawat (Darood) upon the Prophet Muhammad ﷺ. The book highlights the immense rewards, both worldly and spiritual, that come from consistent recitation of Darood, especially on Fridays and during special occasions. It presents authentic narrations and examples to show how Darood brings peace to the heart, acceptance of prayers, protection in the grave, and intercession on the Day of Judgment. Written in a simple and heartfelt style, the book appeals to both scholars and lay readers. It inspires love for the Prophet ﷺ and encourages the reader to make Darood a regular part of their life. Scholars have praised it as one of the most impactful works in Urdu on this subject, rooted in Quranic and Hadith teachings. Ultimately, Āb-i-Kausar serves as a spiritual guide that nurtures devotion and brings the reader closer to the Prophetic light.
546 _aIn Urdu.
650 0 _aDevotional literature
_xIslam
_9129667
650 0 _aMeditation
_xreligion
_xIslam
_9129668
942 _2ddc
_cBK
999 _c614252
_d614252